000
00313nam a22001457a 4500
008
230529b ||||| |||| 00| 0 eng d
020
_a
9782070314317
041
_a
eng
080
_a
82
082
_a
82GER
100
_a
38
101
_a
GJL
245
_a
CHANSON DES MAL-AIMANTS
_c
GERMAIN.S
942
_2
udc
_c
BK
999
_c
59860
_d
59860